1065 1062 1186 1328 1305 1482 1870 1558 1336 1002 1985 1478 1530 1321 1189 1897 1820 1568 1172 1390 1245 1957 1935 1461 1133 1375 1131 1255 1740 1050 1308 1184 1905 1134 1649 1555 1397 1008 1025 1602 1933 1276 1831 1725 1108 1500 1722 1545 1436 1704 1204 1980 1770 1933 1457 1954 1511 1453 1762 1913 1953 1286 1095 1301 1511 1617 1265 1316 1584 1831 1783 1431 1014 1636 1062 1646 1960 1690 1764 1588 1997 1990 1801 1297 1555 1426 1912 1631 1741 1702 1814 1819 1280 1830 1499 1319 1623 1758 1615 BCNSPRNW ULIB Ver.6.0+V

เปลี่ยนเป็นภาษาไทย

Change to English
 แสดงรายละเอียดบรรณานุกรม
  กลับหน้าหลัก

Brief Record : Get Marc (ISO 2709) : E-mail record : QR code < ปิดหน้าต่าง
LEADER : 00000nam 2200000uu 4500
001    13399111430
003     ULIB
008    110624s2550||||th 000 0 tha d
020    9789748418247
050  4 BQ4190^bส721ป ล.1 2550
100 0  ศุภวรรณ พิพัฒพรรณวงศ์ กรีน
245 10 ปฏิบัติการไล่หนูออกจากบ้าน เล่ม1 /^cศุภวรรณ พิพัฒพรรณวงศ์ กรีน
260    กรุงเทพฯ :^bฟรีมายด์,^c2550
300    152 หน้า
650  4 การ์ตูน^xแง่พระพุทธศาสนา
710 2  ส้มซ่า
945    ^p140^l0^i026442
995    ทศพร
999 ^a ใช้งานได้ทุกระบบ
รายการนี้ยังไม่มีแท็ก
คุณยังไม่ได้ล็อกอิน คุณสามารถมีกิจกรรมร่วมกับเว็บไซต์ได้ แต่ต้องล็อกอินก่อน ::
  ล็อกอิน

รายการสื่อสารสนเทศ

ลำดับที่ ประเภท เลขเรียก/บาร์โค้ด สถานที่ สถานะ
- ไม่พบข้อมูล -

รายการใกล้เคียง
    ผู้แต่ง [ศุภวรรณ พิพัฒพรรณวงศ์ กรีน]

BibComment


ยังไม่เคยถูกคอมเมนท์

คอมเมนท์ทรัพยากรรายการนี้
  คอมเมนท์: ปฏิบัติการไล่หนูอ..


 Copyright 2026. Bcnsprnw @Library